Plaguicidas, toxicología, sintomatología y terapia / (Record no. 86858)

MARC details
000 -LEADER
campo de control de longitud fija 00618nam a2200193 i 4500
001 - NÚMERO DE CONTROL
campo de control 86858
003 - IDENTIFICADOR DE NÚMERO DE CONTROL
campo de control ES-MaACL
005 - FECHA Y HORA DE LA ÚLTIMA TRANSACCIÓN
campo de control 20230906175535.0
007 - CAMPO FIJO DE DESCRIPCIÓN FÍSICA--INFORMACIÓN GENERAL
campo de control de longitud fija t|
008 - DATOS DE LONGITUD FIJA--INFORMACIÓN GENERAL
campo de control de longitud fija 041216s1968 sp ||||1| spa d
100 1# - ENTRADA PRINCIPAL--NOMBRE DE PERSONA
Nombre de persona Klimmer, O. R.
9 (RLIN) 68260
245 10 - MENCIÓN DEL TÍTULO
Título Plaguicidas, toxicología, sintomatología y terapia /
Mención de responsabilidad, etc. por O.R. Klimmer ; adaptación y traducción M. Kegar ; asesoramiento, C. Rozmann.
250 ## - MENCION DE EDICION
Mención de edición [1ª ed.].
260 ## - PUBLICACIÓN, DISTRIBUCIÓN, ETC.
Lugar de publicación, distribución, etc. Barcelona :
Nombre del editor, distribuidor, etc. Oikos-Tau,
Fecha de publicación, distribución, etc. [1968]
300 ## - DESCRIPCIÓN FÍSICA
Extensión 162 p. ;
Dimensiones 19 cm.
700 1# - ENTRADA AGREGADA--NOMBRE PERSONAL
Nombre de persona Kegar, M.
9 (RLIN) 67723
700 1# - ENTRADA AGREGADA--NOMBRE PERSONAL
Nombre de persona Rozman, C. (
Fechas asociadas al nombre 1929-)
9 (RLIN) 100259
852 ## - LOCALIZACIÓN
Ubicación ES-MaACL
Número de control de estantería C-51811
Sublocalización o colección R.66458
Holdings
Estatus retirado Estado de pérdida Estado de daño No para préstamo Biblioteca de origen Biblioteca actual Ubicación en estantería Fecha de adquisición Fuente de adquisición Total de préstamos Signatura topográfica completa Código de barras Visto por última vez Precio de reemplazo Tipo de ítem Koha
        Biblioteca del Ateneo de Madrid Biblioteca del Ateneo de Madrid Depósito 2 17/01/2008     C-51811 1090754 23/02/2023 23/02/2023 Libro impreso